| 000 | 00504nam a22001817a 4500 | ||
|---|---|---|---|
| 003 | CEME | ||
| 005 | 20210628202527.0 | ||
| 008 | 210122b xxu||||| |||| 00| 0 eng d | ||
| 020 | _a0-8493-5699-7 | ||
| 040 | _c. | ||
| 082 | _a621.381535 CIR | ||
| 100 |
_aChen, Wai-Kai _960351 |
||
| 245 | _aCircuit analysis and feed back amplifier theory | ||
| 260 |
_aNEW YORK _bTAYLOR AND FRANCIS _c2006 |
||
| 300 | _aXIV,350 P | ||
| 650 |
_aCIRCUIT ANALYSIS .FEEDBACH AMPLIFIER THEORY _960352 |
||
| 942 |
_cBK _2ddc |
||
| 999 |
_c570097 _d570097 |
||